Polymer chemistry
Uloženo v:
| Hlavní autor: | |
|---|---|
| Médium: | Kniha |
| Jazyk: | angličtina |
| Vydáno: |
CRC Press
2020
|
| Tagy: |
Přidat tag
Žádné tagy, Buďte první, kdo vytvoří štítek k tomuto záznamu!
|
MARC
| LEADER | 00000nam a22000007a 4500 | ||
|---|---|---|---|
| 008 | 240710b |||||||| |||| 00| 0 eng d | ||
| 020 | |a 9781466581647 | ||
| 100 | |a LODGE, Timothy C. | ||
| 245 | |a Polymer chemistry |c /Timothy P. Lodge and Paul C. Hiemenz |g xiv, 661p;ill | ||
| 250 | |b 3rd | ||
| 260 | |b CRC Press |c 2020 |h Boca Raton, FL |i 702393 |i 702394 |l QD381.L82 |m Polymers. |m Polymerization | ||
| 500 | |a Includes bibliographical references and index. | ||
| 942 | |a lcc |c BK |e JOHNSON |f 10/07/24 | ||
| 952 | |0 0 |1 0 |2 lcc |4 0 |6 QD0381 L82 |7 0 |9 5386 |a SL |b HOL |c QZ |d 2024-07-10 |l 0 |o QD381.L82 |p 2024-0627 |r 2024-07-10 00:00:00 |t 702393 |w 2024-07-10 |y BK | ||
| 952 | |0 0 |1 0 |2 lcc |4 0 |6 QD0381 L82 |7 0 |9 5387 |a HOL |b HOL |c QZ |d 2024-07-10 |l 0 |o QD381.L82 |p 2024-0628 |r 2024-07-10 00:00:00 |t 702394 |w 2024-07-10 |y BK | ||
| 999 | |c 2664 |d 2664 | ||